000 00417nam a22001817a 4500
999 _c6380
_d6378
005 20210904101230.0
008 200521b xxu||||| |||| 00| 0 eng d
020 _a9788126542215
041 _aeng
082 _a301 SUT
100 _aSutton Philip W and Giddens anthony
_95691
245 _aSociology
250 _a7'th
260 _bWiley
_c2013
300 _a1182p.
650 _aSociology
_95692
942 _cBK